|
|
|
|
| LEADER |
00000nab a2200000 ar4500 |
| 001 |
vtls009085547 |
| 003 |
SK-MaSNL |
| 005 |
20260305012108.0 |
| 008 |
070806c2007 xo er|p|||||||000 b|slo |
| 038 |
|
|
|a PPPK
|
| 040 |
|
|
|a PPPKCL
|b slo
|c PPPKCL
|e AACR2
|
| 041 |
0 |
|
|a slo
|
| 044 |
|
|
|a xo
|c SK
|
| 080 |
|
|
|a 911.372.2
|x (23.0)
|2 1997
|
| 245 |
0 |
0 |
|a Asociácia horských sídel Slovenska sa rozrástla o nových členov
|c [autor] (pet)
|
| 610 |
2 |
7 |
|a Asociácia horských sídiel Slovenska
|x členstvo
|2 pppkcl
|9 1588736
|
| 650 |
0 |
7 |
|a horské sídla
|2 pppkcl
|9 370141
|
| 651 |
|
7 |
|a Hruštín (Slovensko)
|2 pppkcl
|9 100646
|
| 651 |
|
7 |
|a Mlynica (Slovensko)
|2 pppkcl
|9 55021
|
| 651 |
|
7 |
|a Abrahámovce (Kežmarok, Slovensko)
|2 pppkcl
|9 112774
|
| 651 |
|
7 |
|a Brutovce (Slovensko)
|2 pppkcl
|9 58979
|
| 651 |
|
7 |
|a Mojtín (Slovensko)
|2 pppkcl
|9 114745
|
| 651 |
|
7 |
|a Braväcovo (Slovensko)
|2 pppkcl
|9 114746
|
| 773 |
0 |
|
|t Tatranský dvojtýždenník
|g Roč. XVIII, č. 12 (2007), s. 5
|
| 852 |
|
|
|a PPPK
|b KIS3GCP
|
| 856 |
|
|
|u www.vysoketatry.sk
|
| 999 |
|
|
|c 3255909
|d 3257839
|